Slovenská ekonomická knižnica ako depozitná knižnica Medzinárodného menového fondu
Aktuálne publikácie MMF vo fonde Slovenskej ekonomickej knižnice Ekonomickej univerzity. SEK EU bola prijatá do Programu depozitných knižníc Medzinárodného menového fondu a plní funkciu jeho depozitnej knižnice. Informácie o prístupe k dokumentom MMF.
Saved in:
| Main Author: | |
|---|---|
| Format: | Book Chapter |
| Language: | Slovak |
| Subjects: | |
| Tags: |
No Tags, Be the first to tag this record!
|
MARC
| LEADER | 00000naa$a2200000$$$4500 | ||
|---|---|---|---|
| 001 | 0020423 | ||
| 005 | 20240502071411.0 | ||
| 041 | 0 | |a slo | |
| 044 | |a SK | ||
| 245 | 1 | 0 | |a Slovenská ekonomická knižnica ako depozitná knižnica Medzinárodného menového fondu |c Gabriela Nováková |
| 520 | |a Aktuálne publikácie MMF vo fonde Slovenskej ekonomickej knižnice Ekonomickej univerzity. SEK EU bola prijatá do Programu depozitných knižníc Medzinárodného menového fondu a plní funkciu jeho depozitnej knižnice. Informácie o prístupe k dokumentom MMF. | ||
| 610 | 2 | 0 | |a knižnice |
| 610 | 2 | 0 | |a fondy knižničné |
| 610 | 2 | 0 | |a Slovenská ekonomická knižnica Ekonomickej univerzity v Bratislave |
| 610 | 2 | 0 | |a knihy |
| 610 | 2 | 0 | |a Medzinárodný menový fond |
| 610 | 2 | 0 | |a veda ekonomická |
| 610 | 2 | 0 | |a Slovensko |
| 610 | 2 | 0 | |a depozitá |
| 100 | 1 | |a Nováková, Gabriela | |